Chiikawa Characters - Statistics

General Stats
  • This quiz has been taken 12 times
  • The average score is 6 of 9
Answer Stats
Answer % Correct
Chiikawa
100%
Hachiware
100%
Usagi
100%
Momonga
78%
Rakko
78%
Shisa
56%
Chiikabu
33%
Furuhonya
33%
Kurumanju
11%
No matching quizzes found
Score Distribution
Percent of People with Each Score
Percentile by Number Answered
Your Score History
You have not taken this quiz